| 000 | 00875nam a22002297a 4500 | ||
|---|---|---|---|
| 003 | OSt | ||
| 005 | 20251125142048.0 | ||
| 008 | 251125b |||||||| |||| 00| 0 eng d | ||
| 020 | _a971-513-177-8 | ||
| 040 |
_aDWC-Main lib _cOC |
||
| 082 |
_21st edition _aFil. 610.7368 B535 2004 |
||
| 100 | _aBersabe, R. | ||
| 245 |
_aMental health and psychiatric nursing : _ba reference (1st edition, 2004) _cBersabe, Ruel M. |
||
| 250 | _a1st edition | ||
| 260 |
_aManila : _b Educational Publishing house, _c c2004 |
||
| 300 |
_axxxi, 312 pages : _c 20 cm. |
||
| 504 | _aIncludes bibliographical references | ||
| 650 | _2Mental disorders-- nursing | ||
| 650 | _2Nursing - psychiatric - handbooks, manuals, etc. | ||
| 650 | _2Psychiatric nursing - handbooks, mauals, etc. | ||
| 942 |
_2ddc _cBK - FIL _e1st edition _hFil. 610.7368 B535 2004 _kFil. _n0 |
||
| 999 |
_c6287 _d6287 |
||